| 000 | 00769nam a22002417a 4500 | ||
|---|---|---|---|
| 003 | OSt | ||
| 005 | 20140310182340.0 | ||
| 008 | 130312t xxu||||| |||| 00| 0 eng d | ||
| 020 | _a0899193722 | ||
| 050 |
_aHV 8079.5 _b.H48 1986 |
||
| 082 |
_aGS 363.2332 _bH49 1986 |
||
| 100 |
_aHewett, Joan. _921721 |
||
| 245 |
_aMotorcycle on patrol : _cJoan Hewett ; photographs by Richard R. Hewett _bthe story of a highway officer / |
||
| 260 |
_aNew York : _bClarion Books, _c1986. |
||
| 300 |
_a48 p. : _c26 cm. _bill. ; |
||
| 650 |
_aTraffic police _xCalifornia _xJuvenile Literature. _921722 |
||
| 650 |
_aTraffic police. _921723 |
||
| 650 |
_aPolice. _911756 |
||
| 650 |
_aMotorcycling. _921724 |
||
| 650 |
_aOccupations. _921725 |
||
| 942 |
_2lcc _cBK-GS |
||
| 999 |
_c12125 _d12125 |
||